| 000 | 00854na a2200265 4500 | ||
|---|---|---|---|
| 001 | 13589 | ||
| 003 | MIRAKIL | ||
| 005 | 20181213155220.0 | ||
| 008 | 160826b tu 000 0 | ||
| 020 | _a9757008397 | ||
| 035 | _a13589 | ||
| 040 |
_aMilas _btur _cTR-AnCHP |
||
| 082 |
_aATA 923.156 _bA72n 2006 |
||
| 090 | _aATA 923.156 A72n 2006 | ||
| 100 |
_aAtatürk, Mustafa Kemal _d1881-1838 |
||
| 245 |
_aNutuk _cMustafa Kemal Atatürk ; hazırlayan: Selçuk Maviengin |
||
| 260 |
_aAnkara _bArt Yayın _c2006 |
||
| 300 |
_a239 s. _c19 sm. |
||
| 600 |
_aAtatürk, Mustafa Kemal _d1881-1938 _tNutuk _xSöylev ve demeçler |
||
| 600 |
_aAtatürk, Mustafa Kemal _d1881-1938 _xSiyasal ve sosyal görüşler |
||
| 650 |
_aAtatürk devrimleri _zTürkiye |
||
| 651 |
_aTürkiye _xSiyaset ve yönetim |
||
| 700 | _aMaviengin, Selçuk | ||
| 942 |
_2ddc _cBKS |
||
| 999 |
_c8657 _d8657 |
||